000 00301nam a22001337a 4500
008 171004b xxu||||| |||| 00| 0 eng d
020 _a9780415915021
041 _aeng
080 _a159.9
100 _a48
101 _aPSI
245 _aSCIENCE AND HOMOSEXUALITIES
_cROSARIO,V.A
942 _2udc
_cBK
999 _c31721
_d31721